| 000 | 00744cam a2200205 i 4500 | ||
|---|---|---|---|
| 005 | 20251108174627.0 | ||
| 008 | 250721s2009 jo gr 000 0 ara d | ||
| 020 | _a9789957243685 | ||
| 082 | 1 | 4 |
_a01.42 _bع ل ي |
| 100 | 1 |
_aعليان، ربحي مصطفى _eمؤلف. |
|
| 245 | 1 | 0 |
_aطرق جمع البيانات و المعلومات لأغراض البحث العلمي / _cا. د. ربحي مصطفى عليان. |
| 250 | _aالطبعة الاولى. | ||
| 264 | 3 | 1 |
_aعمان : _bدار صفاء للنشر والتوزيع, _c2009. |
| 300 | _a264 صفحة. | ||
| 650 | 1 | 7 | _aالبحث العلمي. |
| 650 | 1 | 7 | _aالابحاث. |
| 650 | 1 | 7 | _aطرق البحث. |
| 942 |
_2ddc _cBK |
||
| 999 |
_c113930 _d113930 |
||